| 000 | 00447nam a2200181Ia 4500 | ||
|---|---|---|---|
| 003 | GCL | ||
| 008 | 140319s9999 xx 000 0 eng d | ||
| 040 |
_aGCL / _cGCL |
||
| 082 | 0 | 4 |
_a305 _bB W |
| 100 | 1 | _aBARBAR, KAMAL | |
| 245 | 1 | 0 |
_aLes Waqfs Dans L'Egypte Contemporaine / _cBARBAR, KAMAL |
| 700 | 1 | _aKEPEL, GILLES | |
| 260 |
_a[S.N] : _bCEDEJ |
||
| 300 | _a102 | ||
| 650 | 0 | 4 | _aBUILDINGS FOR RELIGIOUS |
| 650 | 0 | 4 | _aEGYPT |
| 942 |
_2ddc _cBK |
||
| 999 |
_c13610 _d13610 |
||